<?xml version="1.0" encoding="UTF-8"?>
<record
    xmlns:xsi="http://www.w3.org/2001/XMLSchema-instance"
    xsi:schemaLocation="http://www.loc.gov/MARC21/slim http://www.loc.gov/standards/marcxml/schema/MARC21slim.xsd"
    xmlns="http://www.loc.gov/MARC21/slim">

  <leader>03144cam a2200349 a 4500</leader>
  <controlfield tag="001">13358758</controlfield>
  <controlfield tag="003">OCoLC</controlfield>
  <controlfield tag="005">20250204145438.0</controlfield>
  <controlfield tag="008">860312s1986    ilu      b    100 0 eng  </controlfield>
  <datafield tag="020" ind1=" " ind2=" ">
    <subfield code="a">0877846081</subfield>
    <subfield code="q">(pbk.)</subfield>
  </datafield>
  <datafield tag="020" ind1=" " ind2=" ">
    <subfield code="a">9780877846086</subfield>
    <subfield code="q">(pbk.)</subfield>
  </datafield>
  <datafield tag="035" ind1=" " ind2=" ">
    <subfield code="a">(OCoLC)13358758</subfield>
    <subfield code="z">(OCoLC)70407152</subfield>
  </datafield>
  <datafield tag="040" ind1=" " ind2=" ">
    <subfield code="a">DLC</subfield>
    <subfield code="b">eng</subfield>
    <subfield code="c">DLC</subfield>
    <subfield code="d">ZID</subfield>
    <subfield code="d">OCL</subfield>
    <subfield code="d">LVB</subfield>
    <subfield code="d">BAKER</subfield>
    <subfield code="d">YDXCP</subfield>
    <subfield code="d">WY@</subfield>
    <subfield code="d">GEBAY</subfield>
    <subfield code="d">BDX</subfield>
    <subfield code="d">CFT</subfield>
    <subfield code="d">OCLCQ</subfield>
    <subfield code="d">CFT</subfield>
    <subfield code="d">OCLCF</subfield>
    <subfield code="d">OCLCO</subfield>
    <subfield code="d">IOO</subfield>
    <subfield code="d">OCLCQ</subfield>
    <subfield code="d">OCL</subfield>
    <subfield code="d">OCLCO</subfield>
    <subfield code="d">DML</subfield>
    <subfield code="d">OCLCO</subfield>
    <subfield code="d">OCLCA</subfield>
    <subfield code="d">DHA</subfield>
    <subfield code="d">OCLCO</subfield>
    <subfield code="d">FCX</subfield>
    <subfield code="d">OCLCO</subfield>
    <subfield code="d">SJG</subfield>
    <subfield code="d">OCLCO</subfield>
  </datafield>
  <datafield tag="082" ind1="0" ind2="4">
    <subfield code="a">261.8344</subfield>
    <subfield code="2">19</subfield>
    <subfield code="b">WOM 1</subfield>
  </datafield>
  <datafield tag="245" ind1="0" ind2="0">
    <subfield code="a">Women, authority &amp; the Bible /</subfield>
    <subfield code="c">edited by Alvera Mickelsen</subfield>
  </datafield>
  <datafield tag="260" ind1=" " ind2=" ">
    <subfield code="a">Downers Grove, Ill. :</subfield>
    <subfield code="b">InterVarsity Press,</subfield>
    <subfield code="c">&#xA9;1986</subfield>
  </datafield>
  <datafield tag="300" ind1=" " ind2=" ">
    <subfield code="a">304 pages ;</subfield>
    <subfield code="c">21 cm</subfield>
  </datafield>
  <datafield tag="336" ind1=" " ind2=" ">
    <subfield code="a">text</subfield>
    <subfield code="b">txt</subfield>
    <subfield code="2">rdacontent</subfield>
  </datafield>
  <datafield tag="337" ind1=" " ind2=" ">
    <subfield code="a">unmediated</subfield>
    <subfield code="b">n</subfield>
    <subfield code="2">rdamedia</subfield>
  </datafield>
  <datafield tag="338" ind1=" " ind2=" ">
    <subfield code="a">volume</subfield>
    <subfield code="b">nc</subfield>
    <subfield code="2">rdacarrier</subfield>
  </datafield>
  <datafield tag="500" ind1=" " ind2=" ">
    <subfield code="a">Selected papers from the Evangelical Colloquium on Women and the Bible, held Oct. 9-11, 1984, Oak Brook, Illinois</subfield>
  </datafield>
  <datafield tag="504" ind1=" " ind2=" ">
    <subfield code="a">Includes bibliographical references</subfield>
  </datafield>
  <datafield tag="505" ind1="0" ind2=" ">
    <subfield code="a">Why we're here / Patricia Gundry -- Response / Gretchen Gaebelein Hull -- Biblical authority &amp; interpretation / Robert K. Johnston -- Biblical authority &amp; feminist aspirations / Roger Nicole -- Biblical authority &amp; the issues in questioin / Clark H. Pinnock -- Response to Pinnock, Nicole and Johnston / Stanley N. Gundry -- Authority, hierarchy &amp; leadership patterns in the Bible / Richard N. Longnecker -- Response / Willard M. Swartley -- Response / Marianne Meye Thompson -- What does kephal&#x113; mean in the New Testament? / Berkeley &amp; Alvera Mickelsen -- Response / Ruth A. Tucker -- Response / Philip Barton Payne -- Women, submission &amp; ministry in 1 Corinthians / Walter L. Liefeld -- Response / Alan F. Johnson -- Galatians 3:28 : conundrum or solution? / Klyne R. Snodgrass -- Response / Susie C. Stanley -- Response / W. Ward Gasque -- 1 Timothy 2:9-15 &amp; the place of women in the church's ministry / David M. Scholer -- 1 Timothy 2:12 : a classicist's view / Catherine Clark Kroeger -- Response / Walter L. Liefeld -- Response to Scholer and Kroeger / Nancy Wiles Holsey -- Strategies for change / Joan D. Flikkema -- Response / Frances F. Hiebert -- Response / Timothy P. Weber -- Hearing the cry / Nicholas Wolterstorff -- Understanding the differences / J.I. Packer -- Turning reality into dreams / Jeannette F. Scholer</subfield>
  </datafield>
  <datafield tag="520" ind1=" " ind2=" ">
    <subfield code="a">The twenty-six evangelical leaders represented here, all participants in the Evangelical Colloquium on Women and the Bible, ask the hard questions about women's roles. Not all of them agree on everything. But they do agree that we must begin with the question, "What does the Bible teach?" They also agree that too often poor exegesis has been used to advocate positions on either side. Here support for women's ministry allies itself with scholarly rigor in the effort to break new ground</subfield>
  </datafield>
  <datafield tag="630" ind1="0" ind2="0">
    <subfield code="a">Bible</subfield>
    <subfield code="x">Evidences, authority, etc.</subfield>
    <subfield code="v">Congresses</subfield>
  </datafield>
  <datafield tag="650" ind1=" " ind2="0">
    <subfield code="a">Women</subfield>
    <subfield code="x">Biblical teaching</subfield>
    <subfield code="v">Congresses</subfield>
  </datafield>
  <datafield tag="655" ind1=" " ind2="2">
    <subfield code="a">Congress</subfield>
  </datafield>
  <datafield tag="655" ind1=" " ind2="7">
    <subfield code="a">Congresses.</subfield>
    <subfield code="2">lcgft</subfield>
  </datafield>
  <datafield tag="655" ind1=" " ind2="7">
    <subfield code="a">Conference papers and proceedings.</subfield>
    <subfield code="2">lcgft</subfield>
  </datafield>
  <datafield tag="700" ind1="1" ind2=" ">
    <subfield code="a">Mickelsen, Alvera</subfield>
  </datafield>
  <datafield tag="942" ind1=" " ind2=" ">
    <subfield code="2">ddc</subfield>
    <subfield code="c">BK</subfield>
    <subfield code="n">0</subfield>
  </datafield>
  <datafield tag="999" ind1=" " ind2=" ">
    <subfield code="c">10620</subfield>
    <subfield code="d">10620</subfield>
  </datafield>
  <datafield tag="952" ind1=" " ind2=" ">
    <subfield code="0">0</subfield>
    <subfield code="1">0</subfield>
    <subfield code="2">ddc</subfield>
    <subfield code="4">0</subfield>
    <subfield code="7">0</subfield>
    <subfield code="8">MN</subfield>
    <subfield code="a">GBC</subfield>
    <subfield code="b">GBC</subfield>
    <subfield code="c">MNMS</subfield>
    <subfield code="d">2025-02-04</subfield>
    <subfield code="l">0</subfield>
    <subfield code="o">261.8344 WOM</subfield>
    <subfield code="p">020985</subfield>
    <subfield code="r">2025-05-01 00:00:00</subfield>
    <subfield code="t">c.1</subfield>
    <subfield code="w">2025-02-04</subfield>
    <subfield code="y">BK</subfield>
  </datafield>
</record>
